000 00676nam a2200205Ia 4500
003 OSt
005 20230518151532.0
008 210423s2014 xx 000 0 und d
040 _cAL
082 _a302.222
_223
_bADHI
100 _aADHIKARY (Nirmala Mani)
_963979
245 _aBharata muni: Indian tradition of communication 1
_bTheory and practice of communication
260 _aBhopal
_bMakhanlal Chaturvedi National University
_c2014
300 _axii,403
_bPB
365 _b375
_cINR
650 _aCommunication
_963980
650 _aSocial Interaction
_963981
906 _aBharata ; communication ; Indian ; muni: ; practice ; theory ; tradition
942 _2ddc
_cBK
999 _c166739
_d166739